[Event "CHN-chB (Women)"]
[Site "Harbin"]
[Date "2016.07.17"]
[Round "1"]
[White "Huang, Ziyang"]
[Black "Chu, Ruotong"]
[Result "0-1"]
[WhiteElo "1371"]
[BlackElo "2098"]
[PlyCount "75"]
[EventDate "2016.07.17"]
[EventType "swiss"]
[EventRounds "11"]
[EventCountry "CHN"]
[SourceTitle "CBM 173 Extra"]
[Source "ChessBase"]
[SourceDate "2016.08.29"]
[SourceVersion "1"]
[SourceVersionDate "2016.08.29"]
[SourceQuality "1"]

1. e4 c5 2. Nf3 e6 3. Nc3 Nc6 4. Bc4 Nf6 5. h3 d5 6. exd5 exd5 7. Bb5 d4 8. Ne2 Qb6 9. Bxc6+ Qxc6 10. Nf4 Be7 11. d3 0-0 12. 0-0 Bd6 13. Qd2 h6 14. Re1 g5 15. Ne2 Bxh3 16. gxh3 Qxf3 17. Ng3 Bxg3 18. fxg3 Qxg3+ 19. Kf1 Qxh3+ 20. Qg2 Qxg2+ 21. Kxg2 Rfe8 22. Bd2 Nd5 23. Rxe8+ Rxe8 24. a3 Re2+ 25. Kf3 Rxd2 26. b4 cxb4 27. axb4 Nxb4 28. Rxa7 Nxc2 29. Rxb7 Rxd3+ 30. Ke4 Re3+ 31. Kf5 Re6 32. Kg4 Rd6 33. Kf3 d3 34. Rb1 d2 35. Ke2 Ne3 36. Kxe3 d1Q 37. Rxd1 Rxd1 38. Ke4 0-1